| 000 | 00593nam a2200193Ia 4500 | ||
|---|---|---|---|
| 003 | GCL | ||
| 008 | 140319s9999 xx 000 0 ara d | ||
| 040 |
_aGCL / _cGCL |
||
| 082 | 0 | 4 |
_a229.8 _bد ا |
| 100 | 1 | _aداود سلمان السعدى | |
| 245 | 1 | 0 |
_aاسرار الكون فى القرآن / _cداود سلمان السعدى |
| 300 | _a400 ص | ||
| 490 |
_aالهيئة العامة للاستعلامات _v0 |
||
| 650 | 0 | 4 | _aالاسلام |
| 650 | 0 | 4 | _aالقران - فضائل |
| 650 | 0 | 4 | _aالقران |
| 650 | 0 | 4 | _aالقران، خواص واسرار |
| 942 |
_2ddc _cBK |
||
| 999 |
_c48331 _d48331 |
||